| 000 | 00527nam a22001577a 4500 | ||
|---|---|---|---|
| 003 | ASAB | ||
| 005 | 20180827062836.0 | ||
| 008 | 180510t xxu||||| |||| 00| 0 eng d | ||
| 040 | _cASAB | ||
| 100 |
_aSami Ullah-sup-Dr. Peter John _93877 |
||
| 245 |
_aTH-MS-A Study of MicroRNA146a in Rhcumatold Arthritis as a Potential Biomarker for Diseases Diagnosis _cSami Ullah-sup-Dr. Peter John |
||
| 260 |
_aIslamabad _bASAB (NCVI) _c2012 |
||
| 300 |
_axvi, 88 P _b30 cm |
||
| 630 |
_aVirology and Immunology _93878 |
||
| 942 |
_2ddc _cTH |
||
| 999 |
_c480839 _d480839 |
||